| 000 | 01071cam a2200349 i 4500 | ||
|---|---|---|---|
| 999 |
_c200451300 _d69512 |
||
| 003 | TR-AnTOB | ||
| 005 | 20231204152230.0 | ||
| 007 | ta | ||
| 008 | 000317t20012001njua 001 0 eng | ||
| 010 | _a 00035963 | ||
| 020 | _a0130870528 | ||
| 040 |
_aDLC _beng _erda _cDLC _dTR-AnTOB |
||
| 041 | 0 | _aeng | |
| 050 | 0 | 0 |
_aHF1713 _b.R63 2001 |
| 090 |
_aHF1713 _b.R63 2001 |
||
| 100 | 1 |
_aRoberts, Russell D. _922967 _eauthor |
|
| 245 | 1 | 4 |
_aThe choice : _ba fable of free trade and protectionism / _cRussell Roberts. |
| 250 | _aUpdated and revised. | ||
| 264 | 1 |
_aUpper Saddle River, NJ : _bPrentice Hall, _c2001. |
|
| 264 | 4 | _c©2001 | |
| 300 |
_axii, 116 pages. : _billustrations ; _c23 cm |
||
| 336 |
_atext _btxt _2rdacontent |
||
| 337 |
_aunmediated _bn _2rdamedia |
||
| 338 |
_avolume _bnc _2rdacarrier |
||
| 504 | _aBIBINDX | ||
| 650 | 0 |
_aFree trade _923829 |
|
| 650 | 0 |
_aProtectionism _957598 |
|
| 650 | 0 |
_aFree trade _zUnited States _957599 |
|
| 650 | 0 |
_aProtectionism _zUnited States _990186 |
|
| 942 |
_2lcc _cBK |
||